AN INTRODUCTION TO FOURIER ANALYSIS (Record no. 567777)
[ view plain ]
| 000 -LEADER | |
|---|---|
| fixed length control field | 00309nam a22001217a 4500 |
| 082 ## - DEWEY DECIMAL CLASSIFICATION NUMBER | |
| Classification number | 515.2433 STU'I |
| 100 ## - MAIN ENTRY--PERSONAL NAME | |
| Personal name | PINSKY, MARK A. |
| 9 (RLIN) | 8907 |
| 245 ## - TITLE STATEMENT | |
| Title | AN INTRODUCTION TO FOURIER ANALYSIS |
| 260 ## - PUBLICATION, DISTRIBUTION, ETC. | |
| Place of publication, distribution, etc. | LONDON |
| Name of publisher, distributor, etc. | BROOKS COLE PUBLISHER |
| Date of publication, distribution, etc. | 1961 |
| 300 ## - PHYSICAL DESCRIPTION | |
| Extent | 126P |
| 650 ## - SUBJECT ADDED ENTRY--TOPICAL TERM | |
| Topical term or geographic name entry element | ACC NO-24981 |
| 9 (RLIN) | 57499 |
| 942 ## - ADDED ENTRY ELEMENTS (KOHA) | |
| Koha item type | Book |
| Withdrawn status | Lost status | Damaged status | Not for loan | Permanent Location | Current Location | Shelving location | Date acquired | Total Checkouts | Full call number | Barcode | Date last seen | Price effective from | Koha item type |
|---|---|---|---|---|---|---|---|---|---|---|---|---|---|
| College of Electrical & Mechanical Engineering (CEME) | College of Electrical & Mechanical Engineering (CEME) | General Stacks | 07/13/2017 | 515.2433 STU'I | CEME-24981 | 06/28/2021 | 06/28/2021 | Book |
